000 00486cam a2200169u 4500
001 ca 36001423
003 DLC
005 20260227111143.0
008 830823s1934 vtu 000 0 eng
010 _aca 36001423
040 _aDLC
_cCarP
_dDLC
050 0 0 _aPS3511.L22
_bG8 1934
100 1 _aFlanders, Helen Hartness,
_d1890-1972.
245 1 0 _aGypsy Daisy came over the hills,
260 _a[Springfield, Vt.,
_bSpringfield printing corporation,
_cc1934]
300 _a[8] p.
_c23 cm.
999 _c18278
_d18278